Statistics for Biggest Cities in Kuwait

Click here to take the quiz!

General Stats

  • This quiz has been taken 54 times
    (4 since last reset)
  • The average score is 2 of 10

Answer Stats

Population City % Correct
60,064Kuwait City
100%
637,411Al Ahmadi
50%
164,212Hawally
25%
24,281Al Jahra
25%
139,163Sabah as Salim
0%
86,525Al Farwaniyah
0%
68,290Al Fahahil
0%
52,068Ar Riqqah
0%
39,025Al Manqaf
0%
23,071Al Fintas
0%

Score Distribution

Percentile by Number Answered

Percent of People with Each Score

Your Score History

You have not taken this quiz since the last reset